| 000 | 00576nam a22002177a 4500 | ||
|---|---|---|---|
| 001 | 5022 | ||
| 003 | FISKH | ||
| 005 | 20241031163936.0 | ||
| 008 | 241031b cb ||||| |||| 00| 0 eng d | ||
| 020 | _a333123441 | ||
| 040 |
_aFISKH _beng _cFISKH _dFISKH |
||
| 050 | _aPZ7.S3468 | ||
| 100 | _aSchlee, Ann | ||
| 245 |
_aThe Strangers / _cby Ann Schlee |
||
| 250 | _aFirst published 1971 | ||
| 260 |
_aLondon : _bMacmillan & Co ; _c1971 . |
||
| 300 |
_a151 pages : _billustrations ; _c22 cm . |
||
| 700 |
_aMarriott, Pat _eillustrator |
||
| 942 |
_2ddc _cBK _n0 |
||
| 999 |
_c5022 _d5022 |
||